[Event "11th EUR-ch"]
[Site "Rijeka CRO"]
[Date "2010.03.15"]
[Round "9"]
[White "Stocek, Jiri"]
[Black "Volokytin, Andriy"]
[Result "1-0"]
[WhiteElo "2591"]
[BlackElo "2687"]
[EventDate "2010.03.06"]
[PlyCount "119"]

1.d4 Nf6 2.c4 e6 3.Nc3 Bb4 4.Nf3 b6 5.Bg5 h6 6.Bh4 Bb7 7.Qb3 Bxc3+ 8.Qxc3 
g5 9.Bg3 Ne4 10.Qc2 d6 11.Nd2 f5 12.f3 Nxg3 13.hxg3 Qf6 14.e3 c5 15.O-O-O 
Nc6 16.d5 exd5 17.cxd5 Ne5 18.Bb5+ Kd8 19.g4 fxg4 20.Ne4 Qf8 21.fxg4 Qe7 
22.Rhf1 Nxg4 23.Bc6 Nxe3 24.Qc3 Nxd1 25.Qxh8+ Kc7 26.Qxh6 Re8 27.Rxd1 Qxe4
28.Bxe8 Qe3+ 29.Kb1 Qxe8 30.Qg7+ Qd7 31.Qxg5 Bc8 32.Re1 Qa4 33.g3 Qd4 34.
Ka1 Bd7 35.a3 b5 36.Qg8 c4 37.Qg5 a5 38.Qe3 Qxe3 39.Rxe3 Kb6 40.b4 cxb3 
41.Rxb3 Kc5 42.Rc3+ Kxd5 43.Rc7 Bf5 44.Ra7 a4 45.Kb2 Ke5 46.Rb7 Bd3 47.Rf7
Bf5 48.Kc3 d5 49.Rb7 d4+ 50.Kd2 Ke4 51.Rxb5 Be6 52.Ra5 Bd7 53.Ra7 Bb5 54.
Rf7 Bc4 55.Rf4+ Ke5 56.Rh4 Be6 57.Kd3 Bf5+ 58.Kc4 Be6+ 59.Kc5 d3 60.Rxa4 
1-0

[Event "11th EUR-ch"]
[Site "Rijeka CRO"]
[Date "2010.03.15"]
[Round "9"]
[White "Sargissian, Gabriel"]
[Black "Zhigalko, Andrei"]
[Result "1-0"]
[WhiteElo "2675"]
[BlackElo "2587"]
[EventDate "2010.03.06"]
[PlyCount "83"]

1.d4 Nf6 2.c4 e6 3.Nf3 b6 4.g3 Ba6 5.Qa4 Bb7 6.Bg2 c5 7.dxc5 bxc5 8.O-O 
Be7 9.Nc3 O-O 10.Rd1 Qb6 11.Bf4 Rd8 12.Rd2 a6 13.Rad1 d6 14.Ng5 Bxg2 15.
Kxg2 e5 16.Be3 Qb7+ 17.f3 Ng4 18.Bxc5 Nd7 19.Bg1 Bxg5 20.Rxd6 Ngf6 21.h4 
Bh6 22.b3 Qc7 23.g4 g5 24.Ne4 Nxe4 25.Rxd7 Nc3 26.Rxc7 Nxa4 27.Rxd8+ Rxd8 
28.bxa4 gxh4 29.Rc5 Rd1 30.Bf2 Rc1 31.Rxe5 Rxc4 32.Bxh4 f5 33.Rxf5 Rxa4 
34.Bg5 Bf8 35.f4 Rxa2 36.Kf3 a5 37.Rb5 Ra3+ 38.e3 a4 39.Rb8 Kf7 40.Rb7+ 
Kg8 41.Be7 Rb3 42.Ra7 1-0

[Event "11th EUR-ch"]
[Site "Rijeka CRO"]
[Date "2010.03.15"]
[Round "9"]
[White "Buhmann, Rainer"]
[Black "Kurnosov, Igor"]
[Result "0-1"]
[WhiteElo "2587"]
[BlackElo "2674"]
[EventDate "2010.03.06"]
[PlyCount "80"]

1.Nf3 g6 2.e4 d6 3.c4 Bg4 4.d4 Bg7 5.Be2 Nc6 6.Be3 e5 7.d5 Bxf3 8.Bxf3 Nd4
9.Bxd4 exd4 10.Nd2 Nf6 11.O-O Nd7 12.Be2 d3 13.Bxd3 Bxb2 14.Rb1 Bg7 15.g3 
O-O 16.Bc2 Nc5 17.Nb3 Na4 18.Qd2 a5 19.Nd4 Nb6 20.Qd3 a4 21.f4 Nd7 22.Qe3 
Nc5 23.h4 Re8 24.h5 Qf6 25.Rbd1 c6 26.hxg6 hxg6 27.Rf2 cxd5 28.cxd5 Qe7 
29.Re2 Ra6 30.Nf3 Nd7 31.Rb1 Nf6 32.Qd3 Rc8 33.Qb5 Nh5 34.Kg2 Raa8 35.Bxa4
Qf6 36.Bb3 Rc3 37.Qd7 Bh6 38.Rh1 Nxg3 39.Qh3 Nxe2 40.Qxh6 Nxf4+ 0-1

[Event "11th EUR-ch"]
[Site "Rijeka CRO"]
[Date "2010.03.15"]
[Round "9"]
[White "Stefansson, Hannes"]
[Black "Georgiev, Kiril"]
[Result "0-1"]
[WhiteElo "2574"]
[BlackElo "2669"]
[EventDate "2010.03.06"]
[PlyCount "62"]

1.e4 e5 2.Nf3 Nc6 3.Bb5 Nf6 4.O-O Nxe4 5.d4 Nd6 6.Bxc6 dxc6 7.dxe5 Nf5 8.
Qxd8+ Kxd8 9.Nc3 Ke8 10.h3 Be6 11.Rd1 Bb4 12.Bd2 Bxc3 13.Bxc3 c5 14.Ng5 h5
15.g3 Ke7 16.g4 hxg4 17.hxg4 Rh4 18.f3 Ne3 19.Be1 Rh6 20.Bf2 Nxd1 21.Bxc5+
Kd7 22.Rxd1+ Kc6 23.Nxe6 Rxe6 24.Bd4 Rd8 25.Rd3 g5 26.Kf2 b6 27.Ke3 f6 28.
Ke4 Rde8 29.Kf5 fxe5 30.Be3 e4 31.Rc3+ Kd7 0-1

[Event "11th EUR-ch"]
[Site "Rijeka CRO"]
[Date "2010.03.15"]
[Round "9"]
[White "Sedlak, Nikola"]
[Black "Moiseenko, Olexandr"]
[Result "0-1"]
[WhiteElo "2570"]
[BlackElo "2668"]
[EventDate "2010.03.06"]
[PlyCount "80"]

1.e4 c5 2.Nf3 Nc6 3.Nc3 e5 4.Bc4 Be7 5.d3 Nf6 6.O-O O-O 7.a3 d6 8.Nd5 Nxd5
9.Bxd5 Kh8 10.c3 f5 11.exf5 Bxf5 12.b4 Bf6 13.Be3 cxb4 14.axb4 Qd7 15.Ng5 
a6 16.Ne4 Ne7 17.Bb3 d5 18.Nxf6 Rxf6 19.Kh1 Rc8 20.Bg5 Rd6 21.Qe2 Ng6 22.
Rfc1 h6 23.Bd2 e4 24.dxe4 dxe4 25.Be3 Bg4 26.Qf1 Nh4 27.h3 Bh5 28.Bf4 Rd3 
29.Bc2 Nxg2 30.Kxg2 Rxh3 31.Bxe4 Rh4 32.Qd3 Qxd3 33.Bxd3 Rxf4 34.c4 Rcf8 
35.Rc2 Rg4+ 36.Kh2 Rh4+ 37.Kg2 Rg4+ 38.Kh2 Rff4 39.Rg1 Rh4+ 40.Kg2 Rfg4+ 
0-1

[Event "11th EUR-ch"]
[Site "Rijeka CRO"]
[Date "2010.03.15"]
[Round "9"]
[White "Petrosian, Tigran L."]
[Black "Swiercz, Dariusz"]
[Result "1-0"]
[WhiteElo "2612"]
[BlackElo "2488"]
[EventDate "2010.03.06"]
[PlyCount "89"]

1.e4 e6 2.d4 d5 3.Nc3 Nf6 4.Bg5 Bb4 5.e5 h6 6.Bd2 Bxc3 7.bxc3 Ne4 8.Qg4 g6
9.Bc1 c5 10.Bd3 Nxc3 11.dxc5 Nc6 12.Nf3 Qa5 13.O-O Qxc5 14.Qh4 Bd7 15.a4 
a5 16.Re1 Nb4 17.Be3 Qf8 18.Qf6 Rg8 19.Nd4 Qe7 20.Qf3 Rh8 21.Bf1 Rc8 22.
Ra3 Ne4 23.Qd1 Kf8 24.f3 Nc5 25.Qa1 Kg7 26.Rd1 Qe8 27.c3 Nba6 28.Rb1 Bxa4 
29.Rxb7 Nxb7 30.Bxa6 Bc6 31.Qb2 Nc5 32.Bxc8 Qxc8 33.Rxa5 Nd3 34.Qe2 Nxe5 
35.Bxh6+ Kxh6 36.Qxe5 Bd7 37.Ra7 Rd8 38.Qf6 Rf8 39.Qe7 Rd8 40.Qxf7 e5 41.
Ne6 Bxe6 42.Qg7+ Kg5 43.Qxe5+ Kh6 44.Qf4+ g5 45.Qf6+ 1-0

[Event "11th EUR-ch"]
[Site "Rijeka CRO"]
[Date "2010.03.15"]
[Round "9"]
[White "Volkov, Sergei"]
[Black "Durarbayli, Vasif"]
[Result "1-0"]
[WhiteElo "2612"]
[BlackElo "2476"]
[EventDate "2010.03.06"]
[PlyCount "57"]

1.d4 Nf6 2.c4 e6 3.Nc3 Bb4 4.f3 O-O 5.a3 Bxc3+ 6.bxc3 Nh5 7.Nh3 f5 8.Bg5 
Qe8 9.g4 fxg4 10.fxg4 Nf6 11.Qd3 d6 12.Nf2 Nc6 13.h3 b6 14.Bg2 Ba6 15.Bxf6
Rxf6 16.Ne4 Rg6 17.Nd2 d5 18.Qg3 Qf7 19.e4 Na5 20.cxd5 exd5 21.e5 Rd8 22.
Bf1 Bxf1 23.Rxf1 Qd7 24.Kf2 h5 25.Kg1 hxg4 26.Rf4 Rf8 27.Rxf8+ Kxf8 28.Nf3
Kg8 29.Nh2 1-0

[Event "11th EUR-ch"]
[Site "Rijeka CRO"]
[Date "2010.03.15"]
[Round "9"]
[White "Danielsen, Henrik"]
[Black "Siugirov, Sanan"]
[Result "0-1"]
[WhiteElo "2494"]
[BlackElo "2602"]
[EventDate "2010.03.06"]
[PlyCount "90"]

1.c4 e6 2.Nf3 d5 3.d4 Nf6 4.Bg5 dxc4 5.Qa4+ Nbd7 6.Nc3 a6 7.e3 Rb8 8.Bxf6 
gxf6 9.Qxc4 b5 10.Qe2 Bb7 11.g3 b4 12.Nb1 c5 13.Nbd2 Bg7 14.Bg2 cxd4 15.
exd4 O-O 16.O-O Qa5 17.Ne1 f5 18.Nb3 Qb6 19.Bxb7 Qxb7 20.Nd3 Qb5 21.Rfd1 
a5 22.d5 e5 23.Rac1 Rfc8 24.Qh5 a4 25.Rxc8+ Rxc8 26.Nbc1 Qxd5 27.Qxf5 Nb6 
28.Re1 Rc4 29.b3 axb3 30.axb3 Rd4 31.f3 Nd7 32.Kg2 Qc6 33.Re2 h6 34.Re4 
Qc2+ 35.Kh3 Rd6 36.Rxb4 Qd1 37.Kg2 Nf8 38.Rb7 Qc2+ 39.Kh3 Rf6 40.Qe4 Ne6 
41.Rb8+ Bf8 42.Qe2 Qxe2 43.Nxe2 Rxf3 44.Nec1 e4 45.Ne5 Rf2 0-1

[Event "11th EUR-ch"]
[Site "Rijeka CRO"]
[Date "2010.03.15"]
[Round "9"]
[White "Lupulescu, Constantin"]
[Black "Petrosian, Davit Gevorgi"]
[Result "1-0"]
[WhiteElo "2598"]
[BlackElo "2468"]
[EventDate "2010.03.06"]
[PlyCount "95"]

1.d4 Nf6 2.Nf3 g6 3.Nbd2 c5 4.dxc5 Qa5 5.a3 Qxc5 6.b4 Qc3 7.Rb1 Bg7 8.Bb2 
Qc7 9.c4 O-O 10.e3 b6 11.Rc1 d6 12.Be2 Bb7 13.O-O Nbd7 14.Nd4 Rac8 15.Bf3 
a6 16.Qe2 Bxf3 17.Qxf3 Rfe8 18.Rfd1 e5 19.N4b3 e4 20.Qe2 Ne5 21.Rc2 d5 22.
Bxe5 Qxe5 23.c5 h5 24.h3 b5 25.Nd4 Nd7 26.a4 Qb8 27.axb5 Bxd4 28.exd4 Qxb5
29.Qxb5 axb5 30.Nb1 Nf6 31.Nc3 Rb8 32.Ra1 e3 33.Re2 Ra8 34.Rxa8 Rxa8 35.
Rxe3 Kf8 36.Nxb5 Rb8 37.c6 Ne8 38.c7 Rc8 39.f3 Ng7 40.Re5 Ne6 41.Rxd5 Ke7 
42.h4 Ra8 43.g3 Ra1+ 44.Kg2 Ra8 45.Kf2 f6 46.f4 f5 47.Re5 Kd7 48.Rxe6 1-0

[Event "11th EUR-ch"]
[Site "Rijeka CRO"]
[Date "2010.03.15"]
[Round "9"]
[White "Todorovic, Goran"]
[Black "Berg, Emanuel"]
[Result "0-1"]
[WhiteElo "2453"]
[BlackElo "2594"]
[EventDate "2010.03.06"]
[PlyCount "74"]

1.e4 c5 2.Nf3 e6 3.d4 cxd4 4.Nxd4 a6 5.Bd3 Bc5 6.Nb3 Be7 7.O-O d6 8.Nc3 
Nf6 9.Qe2 Nc6 10.f4 Qc7 11.Bd2 b5 12.a4 b4 13.Nd1 O-O 14.Nf2 e5 15.f5 Bb7 
16.g4 d5 17.g5 dxe4 18.Nxe4 Nxe4 19.Bxe4 Nd4 20.Nxd4 Bc5 21.Bxb7 Bxd4+ 22.
Be3 Qxb7 23.Bxd4 exd4 24.Rae1 Qc6 25.Rf4 Rae8 26.Re4 Rxe4 27.Qxe4 Qxa4 28.
b3 Qd7 29.Re2 Rc8 30.Kg2 g6 31.f6 h6 32.gxh6 Kh7 33.Rd2 Re8 34.Qf4 Qd5+ 
35.Kf2 Re4 36.Qf3 Qe5 37.Qg3 Qxf6+ 0-1

[Event "11th EUR-ch"]
[Site "Rijeka CRO"]
[Date "2010.03.15"]
[Round "9"]
[White "Bajarani, Ulvi"]
[Black "Kotronias, Vasilios"]
[Result "0-1"]
[WhiteElo "2395"]
[BlackElo "2593"]
[EventDate "2010.03.06"]
[PlyCount "86"]

1.c4 g6 2.Nc3 Bg7 3.g3 Nf6 4.Bg2 O-O 5.d3 d6 6.e3 c6 7.Nge2 e5 8.O-O a5 9.
a3 Bd7 10.Rb1 Na6 11.b4 axb4 12.axb4 Re8 13.Ba3 Nc7 14.Bb2 h5 15.Qb3 h4 
16.b5 cxb5 17.cxb5 Be6 18.Qd1 hxg3 19.hxg3 d5 20.d4 e4 21.b6 Na6 22.Nf4 
Qxb6 23.Ba3 Qc6 24.Qb3 g5 25.Nxe6 Qxe6 26.Qxb7 Reb8 27.Qe7 Bf8 28.Qxe6 
fxe6 29.Bxf8 Kxf8 30.Rxb8+ Rxb8 31.Ra1 Nc7 32.Rc1 Nce8 33.Na4 Ke7 34.Nc5 
Ra8 35.Bh3 g4 36.Bf1 Ra2 37.Rb1 Nd6 38.Nb7 Nfe8 39.Nxd6 Nxd6 40.Re1 Kf6 
41.Be2 Kf5 42.Bd1 Nf7 43.Kg2 Ng5 0-1

[Event "11th EUR-ch"]
[Site "Rijeka CRO"]
[Date "2010.03.15"]
[Round "9"]
[White "Bologan, Viorel"]
[Black "Womacka, Mathias"]
[Result "1/2-1/2"]
[WhiteElo "2684"]
[BlackElo "2452"]
[EventDate "2010.03.06"]
[PlyCount "101"]

1.e4 c5 2.Nf3 d6 3.d4 cxd4 4.Nxd4 Nf6 5.Nc3 a6 6.Be3 e5 7.Nf3 Be7 8.Bc4 
O-O 9.O-O Nc6 10.Qe2 Be6 11.Rfd1 h6 12.Nd5 Bxd5 13.Bxd5 Qc7 14.c4 Nb4 15.
Rdc1 Qd7 16.Nd2 Rfc8 17.f3 Nbxd5 18.exd5 b5 19.b3 Qf5 20.Bf2 bxc4 21.bxc4 
Nh5 22.g3 Qg6 23.Kh1 Bg5 24.Rc3 Bxd2 25.Qxd2 Nf6 26.Rac1 e4 27.f4 Re8 28.
Bd4 Ng4 29.Re1 h5 30.Qc2 Rac8 31.h3 Nh6 32.Kh2 f6 33.Bf2 Qf5 34.Be3 Rc7 
35.Qa4 Rb8 36.Rb3 Rbc8 37.Rc1 Qg6 38.Bb6 Nf5 39.Bxc7 Rxc7 40.g4 hxg4 41.
Rb8+ Kh7 42.Qe8 g3+ 43.Kg1 Qxe8 44.Rxe8 e3 45.Rc3 a5 46.Kg2 a4 47.c5 dxc5 
48.Rexe3 Nxe3+ 49.Rxe3 Rd7 50.Ra3 Rxd5 51.Rxa4 1/2-1/2

[Event "11th EUR-ch"]
[Site "Rijeka CRO"]
[Date "2010.03.15"]
[Round "9"]
[White "Jovanovic, Zoran"]
[Black "Laznicka, Viktor"]
[Result "0-1"]
[WhiteElo "2526"]
[BlackElo "2659"]
[EventDate "2010.03.06"]
[PlyCount "96"]

1.e4 c5 2.Nf3 d6 3.d4 cxd4 4.Qxd4 a6 5.Be3 Nc6 6.Qd2 e6 7.Nc3 Be7 8.O-O-O 
Qc7 9.g4 Nf6 10.Rg1 O-O 11.Nd4 Nxd4 12.Bxd4 b5 13.g5 Nd7 14.Bd3 Ne5 15.Rg3
b4 16.Ne2 Nxd3+ 17.Qxd3 e5 18.Be3 a5 19.Kb1 Ba6 20.Qd2 Qc4 21.Re1 Qxe4 22.
Rgg1 Rfc8 23.Ng3 Qf3 24.Qd1 Bb7 25.Qxf3 Bxf3 26.Nf5 Kf8 27.Bd2 Bh5 28.Nxe7
Kxe7 29.f4 Ke6 30.fxe5 dxe5 31.b3 Bg6 32.Rc1 f5 33.gxf6 gxf6 34.Kb2 f5 35.
Rge1 Rc5 36.Be3 Rd5 37.c4 bxc3+ 38.Rxc3 Ra6 39.h4 Kd6 40.Bh6 f4 41.Rg1 
Rd2+ 42.Ka3 Rc6 43.Rxc6+ Kxc6 44.h5 Bd3 45.b4 Bc4 46.bxa5 Kb5 47.Rb1+ Kxa5
48.Ra1 Rg2 0-1

[Event "11th EUR-ch"]
[Site "Rijeka CRO"]
[Date "2010.03.15"]
[Round "9"]
[White "Maiorov, Nikita"]
[Black "Krasenkow, Michal"]
[Result "1-0"]
[WhiteElo "2510"]
[BlackElo "2652"]
[EventDate "2010.03.06"]
[PlyCount "83"]

1.d4 d6 2.g3 g6 3.Bg2 Bg7 4.Nf3 Nd7 5.O-O e5 6.c4 Ne7 7.Nc3 O-O 8.Qd2 a5 
9.b3 exd4 10.Nxd4 a4 11.Rb1 axb3 12.axb3 Nc5 13.Rd1 Nf5 14.Nc2 h5 15.b4 
Nd7 16.e4 Nh6 17.f4 h4 18.Ne3 hxg3 19.hxg3 Nf6 20.Bb2 Nfg4 21.Bf3 g5 22.
Kg2 Nxe3+ 23.Qxe3 g4 24.Be2 f5 25.c5 Re8 26.e5 Bd7 27.Bc4+ Kh7 28.Nd5 Bc6 
29.b5 Bxd5+ 30.Rxd5 Qc8 31.Qd2 Rd8 32.exd6 cxd6 33.Bxg7 Kxg7 34.Qd4+ Kh7 
35.Rxd6 Rxd6 36.cxd6 Qe8 37.Kf2 Qh5 38.Kg1 Ra3 39.Bb3 Qh3 40.Qd3 Kg7 41.
Re1 Nf7 42.d7 1-0

[Event "11th EUR-ch"]
[Site "Rijeka CRO"]
[Date "2010.03.15"]
[Round "9"]
[White "Guliev, Namig"]
[Black "Fridman, Daniel"]
[Result "1-0"]
[WhiteElo "2516"]
[BlackElo "2650"]
[EventDate "2010.03.06"]
[PlyCount "67"]

1.e4 e5 2.Nf3 Nf6 3.Nxe5 d6 4.Nf3 Nxe4 5.d4 d5 6.Bd3 Nc6 7.O-O Be7 8.Nc3 
Bf5 9.Re1 Nxc3 10.bxc3 Bxd3 11.Qxd3 O-O 12.Bf4 Bd6 13.Ng5 g6 14.Qh3 h5 15.
Qf3 Qf6 16.Bxd6 Qxf3 17.gxf3 cxd6 18.Rab1 b6 19.Rb5 Rac8 20.Rxd5 Na5 21.
Rxd6 Rxc3 22.Rd7 Rxc2 23.d5 Rcc8 24.Ree7 Rce8 25.d6 Nc4 26.Ne6 Nxd6 27.
Nxf8 Rxe7 28.Rxe7 Kxf8 29.Rxa7 Kg7 30.Rc7 b5 31.Rc6 Nc4 32.Kf1 Ne5 33.Rc5 
Nxf3 34.Rxb5 1-0

[Event "11th EUR-ch"]
[Site "Rijeka CRO"]
[Date "2010.03.15"]
[Round "9"]
[White "Smirin, Ilia"]
[Black "Papin, Vasily"]
[Result "1-0"]
[WhiteElo "2647"]
[BlackElo "2532"]
[EventDate "2010.03.06"]
[PlyCount "91"]

1.e4 c5 2.Nf3 e6 3.d4 cxd4 4.Nxd4 a6 5.Nc3 b5 6.Bd3 Bb7 7.O-O Nc6 8.Nxc6 
Bxc6 9.a4 b4 10.Nb1 a5 11.Nd2 d6 12.Nc4 Ne7 13.Be3 Nc8 14.f4 Be7 15.Qh5 g6
16.Qh6 Bf8 17.Qh3 Bg7 18.f5 gxf5 19.exf5 e5 20.f6 Bxf6 21.Qf5 Rg8 22.Be4 
Bxe4 23.Qxe4 d5 24.Qxh7 Rh8 25.Qf5 dxc4 26.Rad1 Nd6 27.Qxf6 Qxf6 28.Rxf6 
Ne4 29.Rc6 c3 30.b3 Ke7 31.Rd5 f6 32.Bb6 Rhb8 33.Bxa5 Rb7 34.Rb6 Rxb6 35.
Bxb6 Ke6 36.Rb5 f5 37.Rxb4 Nf6 38.a5 Nd5 39.Ra4 Kd6 40.Bf2 Ra6 41.h4 e4 
42.h5 e3 43.Be1 f4 44.h6 Kc5 45.h7 Rh6 46.a6 1-0

[Event "11th EUR-ch"]
[Site "Rijeka CRO"]
[Date "2010.03.15"]
[Round "9"]
[White "Ter-Sahakian, Samvel"]
[Black "Gustafsson, Jan"]
[Result "0-1"]
[WhiteElo "2513"]
[BlackElo "2646"]
[EventDate "2010.03.06"]
[PlyCount "74"]

1.e4 e5 2.Nf3 Nc6 3.Bb5 a6 4.Ba4 Nf6 5.O-O b5 6.Bb3 Bc5 7.c3 d6 8.d4 Bb6 
9.a4 Bg4 10.Bg5 Rb8 11.axb5 axb5 12.Na3 h6 13.Bd5 Na7 14.Bxf6 Qxf6 15.Nc2 
O-O 16.h3 Bh5 17.Qe2 c6 18.Bb3 Rfe8 19.dxe5 dxe5 20.Ne3 Nc8 21.Nf5 Nd6 22.
g4 Bg6 23.N3h4 Nxf5 24.Nxf5 Kh7 25.Qf3 Bc5 26.Ra6 Red8 27.Re1 Rd2 28.Re2 
Rbd8 29.Bc2 Qg5 30.h4 Qf4 31.Qxf4 exf4 32.Rxd2 Rxd2 33.Bb3 Rxb2 34.Rxc6 
Bxf2+ 35.Kf1 f3 36.h5 Bxf5 37.exf5 Bg3 0-1

[Event "11th EUR-ch"]
[Site "Rijeka CRO"]
[Date "2010.03.15"]
[Round "9"]
[White "Nanu, Ciprian-Costica"]
[Black "Postny, Evgeny"]
[Result "1/2-1/2"]
[WhiteElo "2505"]
[BlackElo "2641"]
[EventDate "2010.03.06"]
[PlyCount "161"]

1.c4 Nf6 2.Nf3 e6 3.g3 d5 4.Bg2 dxc4 5.Qa4+ Nbd7 6.Qxc4 c5 7.O-O Be7 8.d4 
a6 9.dxc5 Bxc5 10.Qb3 Ra7 11.Nc3 b5 12.Ng5 O-O 13.Nge4 Nxe4 14.Nxe4 Bb7 
15.Qc2 Qa8 16.Ng5 g6 17.Bxb7 Qxb7 18.Ne4 Be7 19.Bh6 Rc8 20.Qd3 Ne5 21.Qd4 
f6 22.Be3 Raa8 23.Nd6 Bxd6 24.Qxd6 Rc6 25.Qd1 Nc4 26.Qd4 e5 27.Qd5+ Kg7 
28.Bc1 Qc7 29.Rd1 Nb6 30.Qf3 Na4 31.Bd2 Rc8 32.b3 Nc5 33.Rac1 Ne6 34.Rxc6 
Qxc6 35.Be3 e4 36.Qg4 h5 37.Qh3 Kf7 38.Qf1 Rd8 39.Rxd8 Nxd8 40.Qd1 Ne6 41.
h4 Ke7 42.Kg2 Ng7 43.Qd4 Nf5 44.Qa7+ Ke6 45.Qb8 Nxe3+ 46.fxe3 a5 47.a3 a4 
48.bxa4 bxa4 49.Kf2 Qd7 50.Kg2 Kf7 51.Qh8 Ke6 52.Qb8 g5 53.hxg5 fxg5 54.
Qg8+ Kf5 55.Kh3 Kf6+ 56.Kh2 Qe7 57.Qh8+ Kg6 58.Qg8+ Kf5 59.Qc8+ Qe6 60.
Qf8+ Kg6 61.Qa8 h4 62.gxh4 gxh4 63.Qxa4 Qe5+ 64.Kh1 Qa1+ 65.Kg2 h3+ 66.
Kxh3 Qh1+ 67.Kg3 Qg1+ 68.Kh3 Qh1+ 69.Kg3 Qg1+ 70.Kh3 Qxe3+ 71.Kg2 Qxe2+ 
72.Kg1 Qg4+ 73.Kf1 Qf3+ 74.Ke1 Qe3+ 75.Kd1 Qd3+ 76.Ke1 Kf5 77.Qa7 Qc3+ 78.
Ke2 Qc4+ 79.Ke1 Qc3+ 80.Ke2 Qd3+ 81.Ke1 1/2-1/2

[Event "11th EUR-ch"]
[Site "Rijeka CRO"]
[Date "2010.03.15"]
[Round "9"]
[White "Landa, Konstantin"]
[Black "Szabo, Gergely-Andras-Gyula"]
[Result "1/2-1/2"]
[WhiteElo "2635"]
[BlackElo "2525"]
[EventDate "2010.03.06"]
[PlyCount "85"]

1.d4 d5 2.c4 dxc4 3.Nf3 Nf6 4.Qa4+ Nbd7 5.Nc3 e6 6.e4 a6 7.Bxc4 c6 8.Qc2 
b5 9.Be2 c5 10.d5 Bd6 11.dxe6 fxe6 12.Ng5 Bb7 13.f4 e5 14.Ne6 Qe7 15.f5 c4
16.Bg5 Nc5 17.Bh5+ g6 18.Nxc5 Bxc5 19.fxg6 O-O-O 20.Rf1 Rhf8 21.Rd1 hxg6 
22.Bxg6 Rd4 23.h4 Qg7 24.Bf5+ Kb8 25.g4 Ba7 26.Qh2 Rxd1+ 27.Nxd1 Nxe4 28.
Be7 Qxe7 29.Bxe4 Rxf1+ 30.Kxf1 Bxe4 31.g5 b4 32.Ke1 Kb7 33.Qd2 Bd3 34.h5 
e4 35.Qf4 Qc5 36.g6 Qd4 37.Qf7+ Kb6 38.Qf2 Kb5 39.Qg2 e3 40.Qb7+ Ka5 41.
Qc7+ Kb5 42.Qb7+ Ka5 43.Qc7+ 1/2-1/2

[Event "11th EUR-ch"]
[Site "Rijeka CRO"]
[Date "2010.03.15"]
[Round "9"]
[White "Prohaszka, Peter"]
[Black "Papaioannou, Ioannis"]
[Result "1/2-1/2"]
[WhiteElo "2501"]
[BlackElo "2630"]
[EventDate "2010.03.06"]
[PlyCount "24"]

1.d4 Nf6 2.c4 e6 3.Nf3 c5 4.d5 d6 5.Nc3 exd5 6.cxd5 g6 7.Nd2 Nbd7 8.e4 Bg7
9.Be2 O-O 10.O-O Re8 11.a4 Ne5 12.Re1 g5 1/2-1/2

[Event "11th EUR-ch"]
[Site "Rijeka CRO"]
[Date "2010.03.15"]
[Round "9"]
[White "Goganov, Alexei"]
[Black "Pelletier, Yannick"]
[Result "1/2-1/2"]
[WhiteElo "2492"]
[BlackElo "2611"]
[EventDate "2010.03.06"]
[PlyCount "54"]

1.d4 Nf6 2.c4 e6 3.Nf3 b6 4.g3 Bb4+ 5.Bd2 Be7 6.Bg2 c6 7.O-O d5 8.Ne5 Nfd7
9.Nxd7 Qxd7 10.cxd5 cxd5 11.Nc3 Bb7 12.Rc1 O-O 13.Bf4 Nc6 14.e4 dxe4 15.d5
exd5 16.Nxd5 Rad8 17.Bxe4 f5 18.Bg2 Bc5 19.Bc7 Nd4 20.Bxd8 Bxd5 21.Bg5 Re8
22.Bxd5+ Qxd5 23.Be3 Nf3+ 24.Kh1 Nd2+ 25.Kg1 Nf3+ 26.Kh1 Nd2+ 27.Kg1 Nf3+ 
1/2-1/2

[Event "11th EUR-ch"]
[Site "Rijeka CRO"]
[Date "2010.03.15"]
[Round "9"]
[White "Stevic, Hrvoje"]
[Black "Narciso Dublan, Marc"]
[Result "1/2-1/2"]
[WhiteElo "2610"]
[BlackElo "2530"]
[EventDate "2010.03.06"]
[PlyCount "83"]

1.e4 Nf6 2.e5 Nd5 3.d4 d6 4.Nf3 Bg4 5.Be2 Nc6 6.O-O dxe5 7.Nxe5 Bxe2 8.
Qxe2 Nxd4 9.Qc4 f6 10.Qxd4 fxe5 11.Qxe5 Qd6 12.Qe2 O-O-O 13.c4 Nb4 14.Nc3 
Qg6 15.Be3 Nc6 16.Rad1 Rxd1 17.Rxd1 e6 18.Nb5 a6 19.Nd4 Nxd4 20.Bxd4 Be7 
21.Re1 Bb4 22.Rf1 Rd8 23.Be5 Kb8 24.h3 Qf5 25.a3 Bd6 26.Re1 Bxe5 27.Qxe5 
Rd1 28.Qe2 Rxe1+ 29.Qxe1 Qc2 30.Qe5 g6 31.c5 Ka7 32.Qd4 c6 33.Kh2 Qf5 34.
Qe3 h5 35.h4 Qg4 36.Qg3 Qf5 37.b4 e5 38.Qe3 a5 39.g3 axb4 40.axb4 Kb8 41.
Kg2 Kc8 42.Qd2 1/2-1/2

[Event "11th EUR-ch"]
[Site "Rijeka CRO"]
[Date "2010.03.15"]
[Round "9"]
[White "Sulashvili, Malkhaz"]
[Black "Andriasian, Zaven"]
[Result "0-1"]
[WhiteElo "2490"]
[BlackElo "2609"]
[EventDate "2010.03.06"]
[PlyCount "94"]

1.d4 d5 2.c4 c6 3.Nf3 Nf6 4.e3 Bg4 5.Nc3 e6 6.h3 Bxf3 7.Qxf3 Nbd7 8.cxd5 
exd5 9.Bd3 Bb4 10.Bd2 O-O 11.O-O Re8 12.Rfc1 Nf8 13.a3 Bd6 14.b4 Ne6 15.h4
a6 16.g3 Qe7 17.Na4 Rad8 18.Nc5 Nf8 19.Bf5 Bxc5 20.bxc5 g6 21.Bh3 Ne6 22.
Ba5 Rd7 23.Re1 Ne4 24.Qg2 f5 25.f3 Nf6 26.Ra2 Qf7 27.Rf2 Rde7 28.Rfe2 Ng7 
29.Bd2 h6 30.Rf2 g5 31.hxg5 hxg5 32.g4 fxg4 33.Bxg4 Qg6 34.Bh3 Ne6 35.Ref1
Rg7 36.Bg4 Nd8 37.Qh3 Nxg4 38.fxg4 Rf7 39.Rf5 Rxf5 40.Rxf5 Nf7 41.Qf3 Kg7 
42.Qg3 Re4 43.Ba5 Qe6 44.Kf2 Kg6 45.Qb8 Nh6 46.Rf8 Rxe3 47.Kf1 Qxg4 0-1

[Event "11th EUR-ch"]
[Site "Rijeka CRO"]
[Date "2010.03.15"]
[Round "9"]
[White "Alexandrov, Alexei"]
[Black "Szabo, Krisztian"]
[Result "1-0"]
[WhiteElo "2601"]
[BlackElo "2513"]
[EventDate "2010.03.06"]
[PlyCount "83"]

1.d4 d5 2.c4 e6 3.Nc3 c6 4.Qb3 dxc4 5.Qxc4 b5 6.Qd3 Nf6 7.Nf3 Nbd7 8.g3 
Bb7 9.a3 c5 10.dxc5 Nxc5 11.Qxb5+ Nfd7 12.Qc4 Nb6 13.Qf4 Be7 14.h4 O-O 15.
Bg2 Bd6 16.Qg4 f5 17.Qh5 Nbd7 18.O-O Nf6 19.Qg5 h6 20.Qg6 Ng4 21.Bxh6 Nxh6
22.Ng5 Re8 23.Rad1 Bxg2 24.Kxg2 Qe7 25.e4 f4 26.Qh7+ Kf8 27.Qh8+ Ng8 28.
Ne2 f3+ 29.Kxf3 Qf6+ 30.Kg2 Qh6 31.Qxh6 gxh6 32.Rxd6 hxg5 33.b4 Nxe4 34.
Rd4 Nef6 35.hxg5 Nd5 36.Re4 e5 37.Re1 Rac8 38.Ng1 Rc3 39.Rxe5 Rxe5 40.Rxe5
Nde7 41.Ra5 Rc7 42.Nf3 1-0

[Event "11th EUR-ch"]
[Site "Rijeka CRO"]
[Date "2010.03.15"]
[Round "9"]
[White "Mrva, Martin"]
[Black "Romanov, Evgeny"]
[Result "0-1"]
[WhiteElo "2485"]
[BlackElo "2600"]
[EventDate "2010.03.06"]
[PlyCount "48"]

1.e4 c5 2.Nf3 Nc6 3.d4 cxd4 4.Nxd4 Nf6 5.Nc3 d6 6.g3 g6 7.Bg2 Bd7 8.Nb3 
Bg7 9.O-O O-O 10.Nd5 Nxd5 11.exd5 Ne5 12.Nd4 Qc8 13.Re1 Bg4 14.f3 Bh3 15.
Bxh3 Qxh3 16.Re4 Rac8 17.b3 Bf6 18.a4 e6 19.dxe6 fxe6 20.Ra2 Rc3 21.Bf4 g5
22.Bxe5 Bxe5 23.Rg4 h6 24.Qf1 Qxg4 0-1

[Event "11th EUR-ch"]
[Site "Rijeka CRO"]
[Date "2010.03.15"]
[Round "9"]
[White "Erdos, Viktor"]
[Black "Stern, Rene"]
[Result "1-0"]
[WhiteElo "2593"]
[BlackElo "2501"]
[EventDate "2010.03.06"]
[PlyCount "117"]

1.d4 Nf6 2.c4 e6 3.Nf3 d5 4.g3 dxc4 5.Bg2 c5 6.O-O Nc6 7.dxc5 Qxd1 8.Rxd1 
Bxc5 9.Nbd2 c3 10.bxc3 O-O 11.Nb3 Be7 12.Nfd4 Bd7 13.Bg5 Rac8 14.Nf5 exf5 
15.Bxf6 Be6 16.Bxe7 Nxe7 17.Bxb7 Rxc3 18.Nd4 Bc4 19.a4 Rb8 20.Rdb1 g6 21.
a5 Rd8 22.e3 Rd6 23.a6 Bd3 24.Rb2 Kg7 25.h3 Kf6 26.Kh2 h6 27.Ra5 Rc1 28.
Ra3 Bc4 29.Ra5 Nd5 30.Rc5 Nb6 31.Rc7 Bxa6 32.Rxc1 Bxb7 33.Rc7 Be4 34.Rxa7 
Nc4 35.Rba2 Kg7 36.R2a6 Rxa6 37.Rxa6 Ne5 38.Ra5 Kf6 39.Ra6+ Kg7 40.Kg1 
Nf3+ 41.Nxf3 Bxf3 42.Rb6 h5 43.Kf1 Kg8 44.Rb4 Kg7 45.Ke1 Bg2 46.Ke2 Bc6 
47.g4 hxg4 48.hxg4 fxg4 49.Rxg4 Bd7 50.Rb4 Bf5 51.Rb6 g5 52.Kd2 f6 53.Kc3 
Kf7 54.Kd4 Ke7 55.Kd5 Bh3 56.Rb7+ Kf8 57.Kd6 Bf5 58.Re7 Bh3 59.e4 1-0

[Event "11th EUR-ch"]
[Site "Rijeka CRO"]
[Date "2010.03.15"]
[Round "9"]
[White "Golod, Vitali"]
[Black "Fercec, Nenad"]
[Result "1/2-1/2"]
[WhiteElo "2590"]
[BlackElo "2492"]
[EventDate "2010.03.06"]
[PlyCount "56"]

1.d4 Nf6 2.c4 g6 3.Nc3 d5 4.Bg5 Ne4 5.Nxe4 dxe4 6.Qd2 Bg7 7.e3 c5 8.d5 Qb6
9.Rb1 Nd7 10.Ne2 Ne5 11.Nc3 h6 12.Bh4 g5 13.Bg3 Bf5 14.Be2 O-O 15.Rc1 Bg6 
16.f4 exf3 17.gxf3 f5 18.f4 Ng4 19.e4 Bd4 20.Bxg4 gxf4 21.exf5 fxg3 22.
fxg6 Qxg6 23.Qe2 Kh8 24.hxg3 Rf2 25.Qe6 Rf6 26.Qe2 Rf2 27.Qe6 Rf6 28.Qe2 
Rf2 1/2-1/2

[Event "11th EUR-ch"]
[Site "Rijeka CRO"]
[Date "2010.03.15"]
[Round "9"]
[White "Pantsulaia, Levan"]
[Black "Nabaty, Tamir"]
[Result "1-0"]
[WhiteElo "2588"]
[BlackElo "2485"]
[EventDate "2010.03.06"]
[PlyCount "65"]

1.Nf3 c5 2.c4 Nc6 3.Nc3 Nf6 4.g3 d5 5.cxd5 Nxd5 6.Bg2 Nxc3 7.bxc3 e5 8.O-O
Be7 9.d3 O-O 10.Nd2 Qc7 11.Nc4 Be6 12.Ne3 Bg5 13.Nd5 Bxd5 14.Bxd5 Bxc1 15.
Rxc1 Rfd8 16.e4 Ne7 17.Bc4 Nc8 18.a4 Nb6 19.Ba2 a5 20.Rb1 c4 21.d4 Rac8 
22.Rb5 exd4 23.cxd4 Nd7 24.Qb1 Qd6 25.Rd1 b6 26.Qc2 Rc7 27.e5 Qe7 28.f4 g6
29.d5 Nxe5 30.fxe5 Qxe5 31.Qf2 Rd6 32.Qd4 Qh5 33.Re1 1-0